[Event "79th ITA-ch 2019"]
[Site "Padova"]
[Date "2019.11.24"]
[Round "1.1"]
[White "Bellia, Fabrizio"]
[Black "Brunello, Sabino"]
[Result "0-1"]
[WhiteElo "2433"]
[BlackElo "2549"]
[Annotator "TA"]
[PlyCount "58"]
[EventDate "2019.11.24"]
[EventType "tourn"]
[EventCountry "ITA"]
[SourceTitle "playchess.com"]
[Source "ChessBase"]
[SourceQuality "1"]

{[%evp 11,58,14,21,0,0,-12,-3,-43,-27,-43,-38,-60,-16,-72,-23,-37,-41,-89,-85,-147,-143,-150,-110,-104,-109,-114,-136,-258,-273,-309,-305,-558,-558,-525,-589,-570,-583,-600,-595,-600,-588,-593,-592,-566,-547,-618,-613,-527,-501]} 1. e4 c6 2. d4 d5 3. e5 Bf5 4. h4 h5 5. Bd3 Bxd3 6. Qxd3 e6 7. Bg5 {B12: Caro-Kann: Advance Variation} Qb6 (7... Be7 8. Nf3 Nh6 9. Nbd2 Nf5 10. Nf1 Qa5+ 11. c3 Qa6 12. Qd2 Nd7 13. Ng3 Nxg3 14. fxg3 f6 {½-½ (72) Inarkiev,E (2693)-Tomashevsky,E (2705) St Petersburg 2018}) 8. Nc3 c5 9. dxc5 {The position is equal.} Bxc5 10. O-O-O Nc6 11. Nf3 $146 ({Predecessor:} 11. Na4 Qa5 12. Nxc5 Qxc5 13. Be3 Qa5 14. a3 Nge7 {0-1 (36) To,N (2426)-Horvath,J (1985) Hungary 2011}) 11... Nge7 12. a3 (12. Na4 $11 {remains equal.} Qb4 13. Nxc5 Qxc5 14. Be3) 12... Rc8 13. Kb1 Bxf2 14. Bxe7 Nxe7 15. Rhf1 {[#]} (15. Nb5 $142) 15... O-O $1 $17 16. Nb5 {intending Nd6.} Bc5 17. Ng5 {[%csl Gg5][%cal Rd3h7]} Nf5 18. Rxf5 exf5 19. Nc3 {[#]} (19. Qxf5 $17 g6 20. Qd3) 19... Bxa3 $1 $19 {[%csl Ga3][%cal Rb6b2]} 20. Na4 Qc6 21. Qxf5 $2 (21. Nc3 Be7 22. Nf3) 21... g6 {Black is clearly winning.} 22. Qd3 Qxa4 23. e6 Be7 24. exf7+ Kg7 25. Ne6+ Kxf7 26. Nxf8 Rxf8 27. Qxd5+ Kg7 28. Qxb7 Rf7 29. Qd5 Qxh4 {Accuracy: White = 21%, Black = 66%.} 0-1

[Event "79th ITA-ch 2019"]
[Site "Padova"]
[Date "2019.11.24"]
[Round "1.2"]
[White "Stella, Andrea"]
[Black "Barp, Alberto"]
[Result "1/2-1/2"]
[WhiteElo "2475"]
[BlackElo "2382"]
[Annotator "TA"]
[PlyCount "58"]
[EventDate "2019.11.24"]
[EventType "tourn"]
[EventCountry "ITA"]
[SourceTitle "playchess.com"]
[Source "ChessBase"]
[SourceQuality "1"]

{[%evp 12,58,14,16,29,26,18,25,17,20,17,13,12,12,36,28,42,39,37,52,48,57,52,59,58,64,61,40,47,9,72,72,70,37,37,37,37,39,40,44,34,36,151,-8,-8,-8,-8,-8,-11]} 1. d4 d5 2. c4 e6 3. Nf3 Nf6 4. Nc3 Bb4 5. cxd5 exd5 6. Bg5 h6 7. Bh4 O-O {D38: Queen's Gambit Declined: Ragozin Defence (4 Nf3 Bb4)} 8. e3 Bf5 9. Qb3 Bxc3+ {White has an edge.} 10. bxc3 Nbd7 11. Be2 c5 12. dxc5 g5 13. Nd4 {[#]} Bh7 $146 ({Predecessor:} 13... Bg6 14. c6 bxc6 15. Nxc6 {½-½ (46) So,W (2792)-Karjakin,S (2753) Wijk aan Zee 2018}) 14. c6 bxc6 15. Nxc6 Qc7 16. Ne7+ {[%mdl 64] [#] Double Attack} Kg7 17. Bg3 Qc5 18. Qb4 Rfe8 $1 19. Qxc5 Nxc5 20. Nc6 Rac8 (20... Nce4 $11 {remains equal.}) 21. Nxa7 $16 Ra8 22. Nc6 (22. Nb5 $5 {[%cal Rb5c7]} Nb3 23. Rd1 Rxa2 24. Nc7 $16 {[%mdl 64] Double Attack}) 22... Nb3 23. Rd1 Rxa2 24. Nb4 $36 {[%mdl 2112] Double Attack. White has some pressure.} Ra5 25. Bf3 {[%cal Rb4d5]} g4 26. Be2 h5 {[#]} (26... Ne4 $14) 27. c4 $2 (27. Bh4 $1 $16) 27... dxc4 $11 {The position is equal.} 28. Bxc4 Re4 29. Nc6 $1 ({Wrong is} 29. Bxb3 $2 Rxb4 30. Bxf7 (30. Bc7 $2 Ra7 $19) 30... Kxf7 $19) 29... Rxc4 {Accuracy: White = 65%, Black = 59%.} 1/2-1/2

[Event "79th ITA-ch 2019"]
[Site "Padova"]
[Date "2019.11.24"]
[Round "1.3"]
[White "Brunello, Marina"]
[Black "Di Benedetto, Edoardo"]
[Result "1/2-1/2"]
[WhiteElo "2378"]
[BlackElo "2396"]
[Annotator "TA"]
[PlyCount "62"]
[EventDate "2019.11.24"]
[EventType "tourn"]
[EventCountry "ITA"]
[SourceTitle "playchess.com"]
[Source "ChessBase"]
[SourceQuality "1"]

{[%evp 14,62,0,0,0,0,0,0,0,0,0,0,0,0,0,-49,-48,-51,-55,-64,0,0,0,0,0,0,0,0,0,0,0,0,0,-21,-21,-38,17,-8,-8,-8,0,0,0,-16,-26,-29,-25,-20,-17,-19,-17]} 1. e4 e6 2. d4 d5 3. e5 c5 4. c3 Nc6 5. Nf3 Qb6 6. Be2 cxd4 7. cxd4 Nh6 8. Bxh6 {Hoping for Bc1.} Qxb2 {C02: French: Advance Variation} 9. Nbd2 (9. Nc3 Qxc3+ 10. Bd2 Qa3 11. O-O a6 12. Qc2 h6 13. Rab1 Qe7 14. Rb6 Qc7 15. Rfb1 Be7 16. Bd1 {1-0 (51) Durarbayli,V (2618)-Jumabayev,R (2621) Saint Louis 2018}) 9... gxh6 10. Nb3 Bb4+ 11. Kf1 Bd7 {[#]} 12. a3 $146 {[%mdl 512]} ({Predecessor:} 12. g3 Rc8 13. Kg2 a6 14. Qd3 Qc3 15. Qb1 Ba3 16. Nc5 Nxd4 17. Nxd7 Kxd7 18. Qxb7+ {0-1 (38) Jarmolowski,T (1620)-Kalejta,A (1578) Warsaw 2016}) 12... Bc3 (12... Bxa3 13. Ne1) 13. Rb1 Qxa3 14. Nc5 Na5 15. Nxb7 Nxb7 16. Rxb7 Rc8 (16... Bb4 $15 17. Qb1 a5) 17. g3 $1 $11 Bb4 18. Kg2 Bc6 19. Bb5 Bxb5 20. Rxb5 O-O 21. Nh4 Be7 22. Qg4+ Kh8 23. Rhb1 Qd3 24. Nf3 {[#]} Qe4 (24... a5 $1 $15 {[%mdl 512]} 25. Ne1 (25. Rxa5 Qxb1) 25... Qc3) 25. Qh5 Kg7 26. Rb7 {And now Re1 would win.} Rfe8 27. Ra1 Ra8 28. Rc1 {Threatens to win with Rcc7.} Qg6 29. Qxg6+ hxg6 30. Rcc7 Kf8 31. Rxa7 Rxa7 {Accuracy: White = 64%, Black = 73%.} 1/2-1/2

[Event "79th ITA-ch 2019"]
[Site "Padova"]
[Date "2019.11.24"]
[Round "1.4"]
[White "David, Alberto"]
[Black "Moroni, Luca Jr"]
[Result "1-0"]
[WhiteElo "2542"]
[BlackElo "2541"]
[Annotator "TA"]
[PlyCount "155"]
[EventDate "2019.11.24"]
[EventType "tourn"]
[EventCountry "ITA"]
[SourceTitle "playchess.com"]
[Source "ChessBase"]
[SourceQuality "1"]

{[%evp 9,154,-8,0,0,0,1,31,10,43,7,51,51,53,54,56,20,130,51,51,54,51,51,45,56,73,40,52,59,56,52,40,36,57,22,114,107,107,100,101,101,124,125,117,68,74,83,87,83,118,42,145,116,109,112,119,124,129,125,111,0,111,0,111,107,118,85,85,91,83,87,88,79,95,92,95,83,89,75,97,102,112,108,106,77,106,111,105,111,102,82,119,83,77,85,183,162,154,136,204,204,187,133,281,240,284,222,219,222,231,227,222,215,213,157,170,24,25,30,225,225,360,360,360,342,312,307,464,441,660,660,622,610,890,890,890,860,29988,29976,29989,29977,29977,29978,29980,29981,29995,29996,29996]} 1. Nf3 d5 2. g3 Nf6 3. Bg2 c5 4. O-O Nc6 5. d3 g6 6. c4 {A08: King's Indian Attack} (6. Nbd2 Bg7 7. e4 O-O 8. c3 b6 9. Re1 e6 10. a3 Ba6 11. e5 Nd7 12. d4 cxd4 13. cxd4 f6 14. exf6 Qxf6 15. Nb3 Bc4 16. Be3 h6 17. Rc1 Rac8 18. Nbd2 {0-1 (62) Amonatov,F (2614)-Fridman,D (2633) St Petersburg 2018}) 6... Bg7 7. Nc3 d4 8. Na4 {White is slightly better.} Qd6 9. a3 Bd7 $146 {[#]} ({Predecessor:} 9... O-O 10. b4 cxb4 11. axb4 Qxb4 12. Bf4 Nd7 13. Bc7 Nc5 {1-0 (39) Gengler,P (2241)-Herman,J (2253) Belgium 2016}) 10. b4 $1 {[%mdl 512]} cxb4 11. axb4 Qxb4 12. Bf4 {White wants to play Qc2.} Nh5 (12... O-O $11) 13. Rb1 (13. Bc7 $1 $16) 13... Qa5 $14 14. Bd2 {[%mdl 1024] White has compensation.} (14. Rxb7 Nxf4 15. gxf4 Rb8 $15) 14... Qc7 15. Nc5 Bc8 16. Qa4 $36 {[%mdl 2048] And now Nxd4 would win. White has the initiative.} O-O 17. Rb3 Nf6 18. Rfb1 {[%cal Rc5b7]} Nd7 19. Nxd7 $1 Qxd7 20. Ng5 Qc7 21. Ne4 Nd8 (21... a5 $11 {remains equal.}) 22. Ba5 $16 Qe5 23. Qa3 Nc6 24. Rb5 Qe6 25. Qa2 a6 26. Rb6 Qf5 27. Bd2 Be5 28. Qa3 Bc7 {[#]} 29. R6b2 ({White should try} 29. Rxc6 $1 $16 {[%mdl 512]} bxc6 30. Qxe7) 29... b6 (29... Ra7 $14) 30. Rxb6 Bxb6 31. Rxb6 Bd7 32. Nc5 (32. Rxa6 Rxa6 33. Qxa6 Rb8 $15) 32... Rfc8 33. Be4 Qh3 34. Bg2 Qf5 35. Be4 Qh3 36. Nxd7 Qxd7 37. Qc5 {[%cal Re4c6]} Nd8 38. Qe5 {Bh6 would kill now.} f6 39. Qd5+ Qxd5 40. Bxd5+ Kf8 41. Bxa8 Rxa8 {[%mdl 4096] Endgame KRB-KRN} 42. Bb4 $1 Kf7 43. Kf1 h5 44. Ke1 g5 45. Kd1 a5 46. Ba3 e5 47. Kc2 a4 48. Kb2 g4 49. Bb4 Ne6 50. Rb7+ Kg6 51. Ka3 Ng5 (51... h4 $16 {was called for.}) 52. Bd6 Kf5 53. Rb6 Ke6 (53... Rc8 $16 {might work better.} 54. Be7 (54. Kxa4 Ra8+ 55. Kb5 Ra2 $16) 54... Ne6 55. Kxa4 Ra8+ 56. Kb5 Ra2) 54. Bb4+ $1 $18 Kf7 55. c5 Nh3 (55... Ne6 $16 56. c6 Rc8) 56. c6 Ng1 57. Rb7+ Ke6 58. Rd7 Nxe2 {[#]} 59. Rd6+ $1 Kf5 60. c7 {Strongly threatening Rd8.} Rc8 61. Ba5 {Black must now prevent Rd8.} Nc3 {[#] ...Nb5+ is the strong threat.} 62. Bxc3 ({Don't take} 62. Rd8 $6 Rxc7 63. Bxc7 Nb5+ 64. Kxa4 Nxc7 $16) (62. Rc6 $1 $18 Nd1 63. Kxa4) 62... Rxc7 {KRB-KR} 63. Ba5 Rc2 $2 (63... Rc1 $1 $11 {and Black stays safe.}) 64. Kxa4 Rxf2 (64... e4 $142 65. Rxd4 exd3 66. Rf4+ Ke6) 65. Bd8 Kg6 66. Kb3 Kf7 67. Kc4 Rf3 (67... f5 $142 68. Bf6 f4) 68. Kd5 Rf2 (68... Rxd3 $142 69. Rxf6+ Ke8) 69. Rd7+ Kg6 70. Ke6 Rf3 71. Rf7 Rxd3 72. Bxf6 {Intending Rg7+ and mate.} Re3 73. Rg7+ {White mates.} Kh6 74. Rg8 Ra3 75. Bxe5 Ra2 76. Bxd4 Kh7 77. Kf7 {[%csl Gd4][%cal Rg8h8]} Kh6 {Accuracy: White = 76%, Black = 41%.} 78. Rg6+ 1-0

[Event "79th ITA-ch 2019"]
[Site "Padova"]
[Date "2019.11.24"]
[Round "1.5"]
[White "Lodici, Lorenzo"]
[Black "Valsecchi, Alessio"]
[Result "1/2-1/2"]
[WhiteElo "2459"]
[BlackElo "2504"]
[Annotator "TA"]
[PlyCount "100"]
[EventDate "2019.11.24"]
[EventType "tourn"]
[EventCountry "ITA"]
[SourceTitle "playchess.com"]
[Source "ChessBase"]
[SourceQuality "1"]

{[%evp 14,100,88,61,91,73,71,62,102,99,146,140,144,69,89,70,124,108,132,106,179,155,172,170,179,175,180,174,160,150,141,0,17,14,15,0,0,0,0,-147,-143,-139,0,-25,-11,-223,0,-182,0,0,0,0,89,58,56,61,62,79,33,15,27,29,57,81,411,432,414,395,340,89,86,65,64,72,144,0,0,0,0,0,0,0,0,0,0,0,0,0,0]} 1. d4 Nf6 2. c4 c5 3. d5 g6 4. Nc3 Bg7 5. e4 O-O 6. Nf3 d6 7. h3 e5 (7... a6 8. Bd3 e5 9. g4 b5 10. cxb5 axb5 11. Bxb5 Na6 12. Bg5 h6 13. Be3 Ne8 14. Rg1 Rb8 15. Qe2 Nb4 16. a3 {½-½ (82) Munoz Galvez,J (2342)-Fernandez Reyes,L (2384) Mayabeque 2019}) 8. Bd3 a6 {E90: King's Indian: Classical: Early deviations and 6 h3} 9. Be3 Nh5 10. g3 Qe8 {White is slightly better.} 11. Be2 f5 $146 ({Predecessor:} 11... Bd7 12. Nd2 Nf6 13. Qb3 Qc8 14. g4 Ra7 15. O-O-O b5 16. cxb5 axb5 17. Bxb5 {1-0 (40) Kornitzky,T (1893)-Christensen,A (1773) Lueneburg 2016}) 12. exf5 $1 gxf5 13. Ng5 (13. Nh4 $1 $16 Nf6 14. Qc2) 13... Nf6 $14 14. Qd2 h6 (14... Qe7 $14) 15. Nf3 $16 b5 16. Bxh6 Ra7 (16... Bxh6 $16 17. Qxh6 b4) 17. Bxg7 Rxg7 18. cxb5 axb5 19. Bxb5 Qh5 20. Be2 Ba6 21. Nh4 Qh7 22. Nf3 (22. O-O-O $16) 22... f4 23. gxf4 {Hoping for Ng5.} Ne4 24. Bd3 Bxd3 25. Qxd3 Rxf4 26. Nxe4 (26. Ne2 $11 {remains equal.} Rff7 27. Rg1) 26... Rxe4+ $17 27. Kf1 c4 (27... Qg6 $1 $17 {[%csl Gg7][%cal Rg6g2]} 28. Rh2 (28. Rg1 Qf5 $17) 28... c4) 28. Qc3 Rf4 {Strongly threatening ...Qe4.} (28... Qg6 29. Rg1 $16) 29. Ke2 $2 (29. Qe3 $11 {and White has nothing to worry.}) 29... e4 $2 ({Black should try} 29... Qe4+ $1 $19 30. Qe3 Qxd5) 30. Nd4 $2 (30. Nh2 $1 $11) 30... Qh5+ $2 (30... e3 $19 31. fxe3 Rxd4) 31. Kf1 $11 Qxd5 {...e3! is the strong threat.} 32. Rg1 Rff7 (32... Rxg1+ $11 33. Kxg1 e3 34. fxe3 Qg5+ 35. Kh1 Qd5+ 36. Kg1 Qg5+ 37. Kh1 Qd5+ 38. Kg1) 33. Re1 $36 {[%mdl 2048] White fights for an advantage.} Rxg1+ 34. Kxg1 Rg7+ 35. Kf1 Nd7 36. Re3 Kh7 37. Rg3 Rxg3 38. fxg3 Qh5 $2 {[%mdl 8192]} (38... Ne5 $16 {is tougher.}) 39. g4 $1 $18 {[%cal Rg4h5]} Qh6 40. Ke2 Qf4 41. Qxc4 $2 (41. Nf5 $18 {[%csl Gf5][%cal Rc3g7] is more deadly.} Qh2+ 42. Kd1 Qh1+ 43. Qe1 Qf3+ 44. Kc1 Qf4+ 45. Kc2) 41... Nc5 $16 {[#]} 42. Qd5 $1 {[%cal Rd5f5]} Qh2+ {[%mdl 64] Double Attack} 43. Kd1 Qxb2 {[#] intending ...Qb1+.} 44. Nc2 ({Of course not} 44. Qxd6 $6 Qb1+ 45. Kd2 Qd3+ 46. Ke1 Qe3+ 47. Kd1 Qd3+ 48. Ke1 Qe3+ 49. Kd1 Qd3+ 50. Ke1 $11) (44. Qh5+ $1 $16 Kg8 45. Qd5+ Kh8 46. Nf5 (46. Qxd6 Qb1+ 47. Ke2 Qd3+ 48. Ke1 Qb1+ 49. Kf2 e3+ {[%mdl 64] Decoy} 50. Kxe3 Qc1+ 51. Ke2 Qc4+ 52. Kf3 Qf1+ {[%mdl 64] Double Attack} 53. Ke3 Qc1+ 54. Kf3 Qf1+ 55. Ke3 Qc1+ $11)) 44... Qb1+ $11 {The position is equal.} 45. Kd2 e3+ 46. Kxe3 {aiming for Nd4.} Qxc2 47. Qf7+ Kh8 48. Qf8+ Kh7 {White must now prevent ...Qd3+.} 49. Qf7+ Kh8 {And now ...Qd3+ would win.} 50. Qf8+ Kh7 {Accuracy: White = 53%, Black = 51%.} 1/2-1/2

[Event "79th ITA-ch 2019"]
[Site "Padova"]
[Date "2019.11.24"]
[Round "1.6"]
[White "Basso, Pier Luigi"]
[Black "Gilevych, Artem"]
[Result "1-0"]
[WhiteElo "2563"]
[BlackElo "2437"]
[Annotator "TA"]
[PlyCount "80"]
[EventDate "2019.11.24"]
[EventType "tourn"]
[EventCountry "ITA"]
[SourceTitle "playchess.com"]
[Source "ChessBase"]
[SourceQuality "1"]

{[%evp 9,80,24,32,30,27,22,25,18,33,27,24,22,22,34,21,13,30,28,27,30,54,7,11,12,12,12,9,8,10,10,217,225,300,292,341,347,322,327,359,376,376,379,379,379,379,379,379,379,376,375,363,355,387,385,447,443,473,498,545,485,710,687,736,670,1842,1695,12832,12832,12832,12832,12841,12839,12842]} 1. d4 d5 2. c4 e6 3. Nc3 a6 4. cxd5 exd5 5. Nf3 c6 6. e4 {D31: Queen's Gambit Declined: Semi-Slav without ...Nf6 (+ Marshall Gambit and Noteboom) and Exchange Variation lines without ...Nf6} dxe4 7. Ng5 Be7 8. Bc4 {White has an edge.} Nh6 9. Ngxe4 Nf5 10. d5 O-O 11. Bf4 cxd5 12. Nxd5 Nc6 13. O-O {[#]} Be6 $146 14. Re1 $36 {[%mdl 2048] White has the initiative.} b5 15. Bb3 Ncd4 16. Nxe7+ Nxe7 17. Bxe6 Nxe6 18. Bd6 Re8 $1 19. Qg4 {Strongly threatening Nf6+.} Nd5 $2 {[#]} (19... Nc6 $1 $11) 20. Be5 $1 $18 Ra7 21. Rad1 {Threatens to win with Rxd5!} Rd7 {[#]} 22. Rxd5 $1 {[%mdl 576] Remove Defender, Decoy} Rxd5 23. Nf6+ $1 {[%mdl 64] Double Attack} Kf8 24. Qb4+ ({Not} 24. Nxd5 Qxd5 25. a4 h5 $11) (24. Nxe8 Kxe8 25. Bxg7 Rg5 $16) 24... Rc5 25. Nxe8 Kxe8 {[#]} 26. Qxc5 $1 {[%mdl 512]} Nxc5 27. Bf6+ $1 {[%mdl 64] Discovered Attack} Ne6 28. Bxd8 Kxd8 {[%mdl 4096] Endgame KR-KN} 29. g3 Kd7 30. Kg2 Kd6 31. Rd1+ Kc6 32. f4 {White is clearly winning.} g6 33. Kf3 f5 34. h3 h5 (34... a5 $142 35. Re1 Kd6) 35. b4 {[%cal Bb2b4,Bb4a5][%mdl 32]} Kc7 36. g4 hxg4+ 37. hxg4 fxg4+ 38. Kxg4 Kc6 39. Rh1 a5 40. bxa5 Kd5 {Accuracy: White = 96%, Black = 38%.} 1-0

[Event "79th ITA-ch 2019"]
[Site "Padova"]
[Date "2019.11.25"]
[Round "2.1"]
[White "Brunello, Sabino"]
[Black "Gilevych, Artem"]
[Result "1-0"]
[WhiteElo "2549"]
[BlackElo "2437"]
[Annotator "TA"]
[PlyCount "147"]
[EventDate "2019.11.24"]
[EventType "tourn"]
[EventCountry "ITA"]
[SourceTitle "playchess.com"]
[Source "ChessBase"]
[SourceQuality "1"]

{[%evp 16,147,32,25,28,9,65,45,50,41,97,102,95,91,128,120,135,112,162,60,98,79,80,82,110,84,88,80,132,132,158,98,91,97,125,81,95,96,158,104,101,68,68,64,139,135,149,149,149,135,138,135,142,122,129,129,137,137,137,112,112,112,112,112,112,100,100,0,112,112,114,114,139,114,131,131,133,114,120,114,122,114,129,114,125,118,142,132,153,125,125,125,150,118,525,524,506,477,399,256,279,269,225,189,162,120,120,120,249,120,120,114,260,260,245,245,345,279,384,279,522,503,449,436,535,531,423,434,492,489,29996,29997,29998,29999]} 1. e4 e6 2. d4 d5 3. Nd2 Nf6 4. e5 Nfd7 5. Bd3 c5 6. c3 b6 7. Ne2 Ba6 8. Bxa6 Nxa6 9. Nf3 b5 {C06: French Tarrasch: 3...Nf6 4 e5 Nfd7 5 Bd3 main lines} 10. Nf4 Nb6 $146 (10... Be7 $11) ({Predecessor:} 10... h6 11. h4 Nb6 12. Nh5 Qc7 13. a4 b4 14. dxc5 Nxc5 15. cxb4 Ne4 16. O-O g6 17. Nf4 {0-1 (59) Pirrot,D (2421)-Jussupow,A (2622) Saarbruecken 2002}) 11. a4 bxa4 {White is slightly better.} 12. Rxa4 Nc7 (12... Qc8 $14) 13. Ra5 $16 Nc4 14. Ra1 (14. dxc5 Nxa5 15. Qa4+ Nc6 $1 $15 {[%mdl 512]}) 14... Qb8 15. b3 Nb6 {[#]} 16. O-O $1 c4 17. b4 (17. bxc4 $18 Nxc4 18. Nd2) 17... Nb5 18. Qc2 Be7 19. Nh5 Kd7 20. Bd2 (20. Nxg7 $6 Qg8 $11) 20... Qg8 21. Ra5 Kc6 (21... a6 $142) 22. Rfa1 h6 23. Qd1 (23. Ra6 $142) 23... Qh7 24. Ne1 Bg5 25. Ng3 Bxd2 26. Qxd2 h5 (26... a6 $142) 27. h4 ({Better is} 27. Qg5 {Threatens to win with Qe7.} Rhe8 28. Ne2 (28. Nxh5 Nxc3 29. Ng3 a6 $11) (28. Qxh5 Qxh5 29. Nxh5 Nxc3 $11)) 27... Qh6 28. f4 Qg6 29. Kh2 f5 ({Black should play} 29... a6 $14) 30. Nf3 Qf7 31. Nf1 Qd7 32. Ne3 g6 33. Qc2 Kb7 34. Nd1 a6 35. Qa2 Kc6 36. Kg3 ({Of course not} 36. Rxa6 $6 Rxa6 37. Qxa6 Ra8 $11) 36... Ra7 37. Nd2 ({Much worse is} 37. Rxa6 $6 Rxa6 38. Qxa6 Ra8 $11) 37... Rha8 38. Nb1 Kb7 39. Kh3 Nc8 40. Nb2 Nb6 41. Nd1 Nc8 $1 42. Qf2 Nb6 43. Qg3 Rg8 44. Nb2 Qe7 45. Na3 {[%cal Bb1a3,Ba3c2,Bc2e3,Be3d1,Bd1b2,Bb2a4,Ba4c5][%mdl 32]} Raa8 46. Qe1 ({Much less strong is} 46. Nxb5 axb5 47. Nd1 Qd7 $14) 46... Qd7 47. Nc2 Qf7 48. Kg3 Rh8 49. Ne3 Rhc8 50. Ned1 Rc6 51. Kh3 Nc7 52. Na4 Nxa4 53. R5xa4 Ra7 54. Nb2 Na8 $2 {[%mdl 8192]} (54... Kc8 $16 {is tougher.} 55. Ra5 Kd8) 55. Ra5 $18 Nc7 56. Na4 Kc8 57. Nc5 Rb6 58. R1a2 Qe8 59. Qa1 Qc6 60. Kg3 Kd8 61. Kf3 Kc8 (61... Ke8 $16 62. Qe1 Kf7) 62. Ke3 (62. Qe1 $18 {is more deadly.}) 62... Kd8 $16 63. Kd2 Kc8 (63... Ke8 $16 64. Qe1 Kf8) 64. Qe1 $18 Qe8 {[#]} 65. Qg3 $1 Qe7 (65... Rb5 $142 66. Rxb5 Nxb5 67. Rxa6 Rxa6 68. Nxa6 Qg8) 66. Ra1 Kd8 67. Qxg6 Qxh4 $2 (67... Qe8 68. Qf6+ Kc8) 68. Qg5+ Qxg5 69. fxg5 Ke7 70. Rh1 Kf7 {Now ...Kg6 and Black clings on.} 71. Rxh5 Kg6 72. Rh8 Kxg5 (72... Nb5 $18 73. Re8 Kf7) 73. Rg8+ Kh4 {[#]} 74. Ra1 $1 {[%mdl 512] Accuracy: White = 41%, Black = 44%.} 1-0

[Event "79th ITA-ch 2019"]
[Site "Padova"]
[Date "2019.11.25"]
[Round "2.2"]
[White "Valsecchi, Alessio"]
[Black "Basso, Pier Luigi"]
[Result "1/2-1/2"]
[WhiteElo "2504"]
[BlackElo "2563"]
[Annotator "TA"]
[PlyCount "52"]
[EventDate "2019.11.24"]
[EventType "tourn"]
[EventCountry "ITA"]
[SourceTitle "playchess.com"]
[Source "ChessBase"]
[SourceQuality "1"]

{[%evp 13,52,18,18,18,20,0,0,6,7,1,10,12,10,0,25,16,23,8,22,22,22,26,16,17,18,18,16,9,19,15,20,25,16,12,13,12,12,12,13,4,18]} 1. c4 c6 2. Nf3 d5 3. e3 Nf6 4. d4 Bg4 5. Nc3 e6 6. h3 Bh5 7. g4 Bg6 8. Ne5 {D11: Slav Defence: 3 Nf3 sidelines and 3...Nf6 4 e3 Bg4} Nbd7 9. h4 {[#] Threatens to win with Nxd7.} (9. Nxg6 hxg6 10. g5 Ng8 11. h4 Bb4 12. Qb3 Bxc3+ 13. bxc3 Ne7 14. Ba3 Nb6 15. Bxe7 Qxe7 {½-½ (85) Ding,L (2774)-Carlsen,M (2837) Saint Louis 2017}) 9... dxc4 $1 {And now ...Nxe5 would win.} 10. Nxg6 hxg6 11. g5 Nd5 12. Bxc4 N7b6 13. Bf1 {[#]} e5 $146 {[%mdl 512]} ({Predecessor:} 13... Nxc3 14. bxc3 Qd5 15. Rh3 e5 {1-0 (37) Kachiani Gersinska,K (2416)-Sebag,M (2438) Gothenburg 2005}) 14. dxe5 Bb4 15. Bd2 Qe7 16. Nxd5 Nxd5 17. a3 Bxd2+ 18. Qxd2 Qxe5 19. O-O-O O-O-O 20. Qd4 Qxd4 21. Rxd4 Nb6 22. Rf4 Rhf8 23. Bh3+ {The position is equal.} Kc7 24. Rd1 Rxd1+ 25. Kxd1 Nd5 26. Rd4 a5 {Accuracy: White = 77%, Black = 66%.} 1/2-1/2

[Event "79th ITA-ch 2019"]
[Site "Padova"]
[Date "2019.11.25"]
[Round "2.3"]
[White "Moroni, Luca Jr"]
[Black "Lodici, Lorenzo"]
[Result "1-0"]
[WhiteElo "2541"]
[BlackElo "2459"]
[Annotator "TA"]
[PlyCount "111"]
[EventDate "2019.11.24"]
[EventType "tourn"]
[EventCountry "ITA"]
[SourceTitle "playchess.com"]
[Source "ChessBase"]
[SourceQuality "1"]

{[%evp 9,111,16,10,-16,25,-29,10,-31,-14,-12,-12,-11,-18,-8,-18,-10,-20,-34,14,20,16,0,0,0,59,52,43,63,58,51,82,78,70,74,85,52,42,27,231,220,264,265,470,458,567,566,555,536,542,530,544,537,602,606,638,592,546,457,468,446,450,286,548,527,519,492,864,852,772,719,1073,1089,1031,1008,1255,1235,29942,29947,12555,713,713,700,702,637,637,637,637,637,4133,2127,29962,29961,12446,12393,29957,29962,29955,29944,12446,8503,6813,6813,29987,29988]} 1. e4 c6 2. Nf3 d5 3. d3 g6 (3... dxe4 4. dxe4 Qxd1+ 5. Kxd1 Nf6 6. Nfd2 Ng4 7. Ke1 e5 8. Nc4 b5 9. Ne3 Bc5 10. Nxg4 Bxg4 11. a4 b4 12. a5 {1-0 (41) Giri,A (2779)-Nepomniachtchi,I (2774) Amsterdam 2019}) 4. e5 c5 5. c3 Nc6 6. Be2 $146 {B10: Caro-Kann: 2 d3 and 2 c4} ({Predecessor:} 6. d4 Bg4 7. dxc5 Bxf3 8. Qxf3 Nxe5 9. Bb5+ Nc6 10. c4 Nf6 11. Nc3 dxc4 12. Bxc6+ bxc6 13. Qxc6+ {1-0 (21) Van Foreest,J (2601)-Tari,A (2618) chess.com INT 2019}) 6... Bg4 7. Qb3 (7. Nbd2 $142) 7... Rb8 (7... Bxf3 $5 8. Qxb7 (8. gxf3 Qd7 $15) (8. Bxf3 e6 $11) 8... Nxe5 9. gxf3 Bh6 $11) 8. Bf4 {The position is equal.} e6 9. Nbd2 Bh6 10. Bxh6 Nxh6 11. Qa4 Bxf3 12. Nxf3 Nf5 13. h4 f6 14. g4 $36 {[%mdl 2048] White has some pressure.} Ng7 $1 15. Qb5 fxe5 16. Qxc5 Qf6 (16... h5 $11) 17. O-O-O $1 $14 Rc8 18. Kb1 Rf8 19. Rde1 Kd7 20. Bd1 b6 21. Qa3 Kc7 22. Rh3 h5 23. gxh5 {Ba4 is the strong threat.} Nxh5 $2 {[#]} (23... Qf5 $11 {and Black stays safe.} 24. Ng5 Qxf2) 24. Nxe5 $1 $18 {[%mdl 576] Deflection} Nxe5 25. Qxa7+ Kd6 $2 (25... Kd8 {was called for.}) 26. Rhe3 Nc6 27. Rxe6+ ({Worse is} 27. Qxb6 Nf4 $11) 27... Qxe6 28. Rxe6+ Kxe6 29. Bg4+ {[%mdl 64] Skewer} Kf6 30. Qxb6 Nf4 {Black hopes to continue with ...Ne6.} 31. Qe3 g5 32. Bxc8 Rxc8 33. Qg3 Rg8 34. hxg5+ Kf5 35. Qh2 Ne5 $2 (35... d4 36. Qh7+ Rg6 37. Qd7+ Re6 38. cxd4 Kxg5) 36. Qh7+ Rg6 37. d4 Ned3 (37... Nc4 $142 38. a4 Kxg5) 38. a4 Kxg5 39. a5 Re6 40. Qb7 Re1+ 41. Ka2 Re2 42. a6 Rxb2+ 43. Qxb2 Nxb2 44. a7 (44. Kxb2 $142 Ne6 45. a7) 44... Na4 45. a8=Q Nxc3+ 46. Kb3 Ne4 47. Qg8+ Kf5 48. Qg1 Nd3 49. f3 Nd2+ {[#]} 50. Kc2 $1 Nxf3 51. Qe3 Nde1+ 52. Kd1 Kf6 53. Ke2 Kf5 54. Qe8 Kf4 55. Qg6 Nc2 56. Qf6+ {Accuracy: White = 63%, Black = 34%.} 1-0